|
|
|
|
| LEADER |
00000naa2a2200000 4500 |
| 001 |
220436 |
| 005 |
20231031195413.0 |
| 035 |
|
|
|a (RuTPU)RU\TPU\book\240559
|
| 090 |
|
|
|a 220436
|
| 100 |
|
|
|a 20120823d2007 k y0rusy50 ca
|
| 101 |
0 |
|
|a rus
|
| 102 |
|
|
|a RU
|
| 200 |
1 |
|
|a Результаты экспериментальных исследований характеристик синхронного гибридного двигателя
|f В. В. Големгрейн, А. И. Верхотуров
|
| 320 |
|
|
|a Библиогр.: 2 назв.
|
| 461 |
|
0 |
|0 (RuTPU)RU\TPU\book\136926
|t Современные техника и технологии
|o 13-я Международная научно-практическая конференция студентов, аспирантов и молодых ученых, г. Томск, 26-30 марта 2007 г.
|o труды в 3 т.
|f Томский политехнический университет (ТПУ)
|d 2007
|
| 463 |
|
0 |
|0 (RuTPU)RU\TPU\book\168908
|t Т. 1
|v С. 416-418
|d 2007
|p 547 с.
|
| 610 |
1 |
|
|a синхронные гибридные электродвигатели
|
| 610 |
1 |
|
|a исследования
|
| 610 |
1 |
|
|a характеристики
|
| 610 |
1 |
|
|a короткое замыкание
|
| 610 |
1 |
|
|a напряжение
|
| 610 |
1 |
|
|a труды учёных ТПУ
|
| 700 |
|
1 |
|a Големгрейн
|b В. В.
|c специалист в области электротехники
|c доцент Томского политехнического университета
|g Виктор Владимирович
|2 stltpush
|3 (RuTPU)RU\TPU\pers\29512
|
| 701 |
|
1 |
|a Верхотуров
|b А. И.
|c российский учёный в области электрических машин и аппаратов
|c доцент Томского политехнического университета
|g Анатолий Иванович
|2 stltpush
|3 (RuTPU)RU\TPU\pers\26512
|
| 801 |
|
1 |
|a RU
|b 63413507
|c 20120823
|
| 942 |
|
|
|c BK
|